MARC

LEADER 00000nam0a2200000 4500
001 286498
005 20231101235911.0
020 |a RU  |b 85-41864 
035 |a (RuTPU)RU\TPU\book\310813 
090 |a 286498 
100 |a 20150305d1985 km y0rusy5003 ca 
101 0 |a rus 
102 |a RU 
105 |a a z 001zy 
200 1 |a Планетарные туманности: Физика. Эволюция. Космогония  |f Г. С. Хромов 
210 |a Москва  |c Наука  |d 1985 
215 |a 296 с.  |c ил. 
320 |a Библиогр.: с. 260-296 
606 |a Туманности планетарные  |2 stltpush  |3 (RuTPU)RU\TPU\subj\62027  |9 79184 
610 1 |a физика 
610 1 |a эволюция 
610 1 |a космогония 
610 1 |a свечение 
610 1 |a теории 
610 1 |a плотности 
610 1 |a химический состав 
610 1 |a ядра 
675 |a 524.37  |z rus  |v 3 
700 1 |a Хромов  |b Г. С.  |g Гавриил Сергеевич 
801 0 |a RU  |b RuMRKP  |c 19950704  |g psbo 
801 1 |a RU  |b 63413507  |c 20150305 
801 2 |a RU  |b 63413507  |c 20171113  |g RCR 
942 |c BK